European Landmarks #1 - Statistics

General Stats
  • This quiz has been taken 150 times
  • The average score is 8 of 16
Answer Stats
Picture Answer % Correct
France (Arc de Triomphe)
97%
Italy (Doge's Palace)
93%
Spain (Sagrada Familia)
84%
France (Moulin Rouge)
76%
Belgium (Atomium)
70%
Norway (Borgund Stave Church)
58%
Ukraine (Kyiv Pechersk Lavra)
49%
Czechia (Prague Astronomical Clock)
43%
Ireland (Newgrange)
42%
Russia (Motherland Calls)
42%
Netherlands (Cube Houses)
37%
Poland (Malbork Castle)
28%
Lithuania (Hill of Crosses)
27%
Albania (Skanderbeg Square)
24%
Turkey (Galata Tower)
18%
Finland (Suomenlinna)
12%
No matching quizzes found
Score Distribution
Percent of People with Each Score
Percentile by Number Answered
Your Score History
You have not taken this quiz